1042 1904 1768 1734 1191 1053 1878 1920 1744 1413 1689 1484 1979 1128 1145 1625 1123 1316 1573 1607 1494 1417 1266 1068 1984 1741 1030 1548 1786 1524 1481 1119 1677 1496 1486 1012 1763 1351 1768 1039 1902 1423 1004 1942 1648 1722 1614 1732 1277 1540 1330 1744 1984 1122 1515 1502 1942 1349 1897 1738 1756 1672 1300 1662 1632 1341 1755 1054 1179 1489 1339 1111 1918 1227 1752 1357 1424 1879 1433 1302 1742 1026 1728 1235 1258 1603 1717 1879 1175 1447 1071 1434 1834 1220 1853 1332 1165 1091 1440 BCNSPRNW ULIB Ver.6.0+V

เปลี่ยนเป็นภาษาไทย

Change to English
 แสดงรายละเอียดบรรณานุกรม
  กลับหน้าหลัก

Brief Record : Get Marc (ISO 2709) : E-mail record : QR code < ปิดหน้าต่าง
LEADER : 00000nam 2200000uu 4500
001    13399127508
003     ULIB
008    200911s2562||||th 000 0 tha d
020 ^- ^a9786160037919
050 ^- ^aนว.^bก371ค
100 0^ ^aกนิษฐา ปานเกตุ.
245 10 ^aคุณพ่อสายลับ =My daddy is sitting bull /^cกรรัมภา.
246 11 ^aMy daddy is sitting bull
250 ^- ^aพิมพ์ครั้งแรก.
260 ^- ^aกรุงเทพฯ :^bพิมพ์คำ,^c2562
300 ^- ^a519 หน้า.
490 1^ ^aชุด Love choices รักลงเอย ;[ลำดับที่ 1]
945    ^p360^l0^i007108
999    ^aประนอม เกษจรัล
รายการนี้ยังไม่มีแท็ก
คุณยังไม่ได้ล็อกอิน คุณสามารถมีกิจกรรมร่วมกับเว็บไซต์ได้ แต่ต้องล็อกอินก่อน ::
  ล็อกอิน

รายการสื่อสารสนเทศ

ลำดับที่ ประเภท เลขเรียก/บาร์โค้ด สถานที่ สถานะ
1. นวนิยาย
นวนิยาย
นว. ก371ค ฉ.1 
  Barcode: 007108
ห้องสมุดวิทยาเขตนครสวรรค์
►นวนิยาย:l:Fiction
บนชั้น

รายการใกล้เคียง
    ผู้แต่ง [กนิษฐา ปานเกตุ.]

BibComment


ยังไม่เคยถูกคอมเมนท์

คอมเมนท์ทรัพยากรรายการนี้
  คอมเมนท์: คุณพ่อสายลับ My ..


 Copyright 2026. Bcnsprnw @Library